Statistics for Valorant agents names quiz (updated 2021)

Click here to take the quiz!

General Stats

  • This quiz has been taken 986 times
  • The average score is 14 of 16

Answer Stats

Answer% Correct
Brimstone
96%
Jett
96%
Sage
95%
Reyna
94%
Breach
92%
Omen
91%
Phoenix
91%
Astra
90%
Raze
90%
Viper
90%
Yoru
90%
Cypher
88%
Skye
88%
Killjoy
86%
Sova
86%
Kayo
79%

Score Distribution

Percentile by Number Answered

Percent of People with Each Score

Your Score History

You have not taken this quiz